| 000 | 00574nam a2200205 a 4500 | ||
|---|---|---|---|
| 005 | 20250605063846.0 | ||
| 008 | 991125s1974 es 000 0 spa u | ||
| 020 | _a8425404500 | ||
| 035 | _aUPN01000022659 | ||
| 049 | _aCG | ||
| 050 | 4 |
_aB841.4 _bB7.38 |
|
| 100 | 1 |
_aBroekman, Jan Maurits, _d1931- _935820 |
|
| 245 | 1 | 3 |
_aEl estructuralismo / _cJan M. Brockman. |
| 260 |
_aBarcelona [Esp.] : _bHerder, _c1974. |
||
| 300 | _a201 p. | ||
| 440 | 0 |
_aBiblioteca de filosofĂa ; _v1 |
|
| 650 | 2 |
_aEstructuralismo _915389 |
|
| 650 | 4 |
_aFilosofĂa moderna _98266 |
|
| 905 | _aLibro | ||
| 999 |
_c22659 _d22659 |
||